000 00615nam a2200205Ia 4500
008 191130s1984##################000#0#eng##
020 _a9780415018753
022 _a84006746
040 _aACL
_cACL
082 _a808.51 ATK
100 _aAtkinson, J. Maxwell
245 _aOur masters' voices : the language and body language of politics
_cMax Atkinson
260 _aLondon
_bMethuen
_c1984
300 _axix, 203 p. : ill. ; 20 cm.
500 _aIncludes index. Bibliography: p. 195-197
650 _aPolitical oratory
990 _aee307b2aac10000c0493f6f3e6c56020
991 _a251985
999 _c29677
_d29677